00679nam a2200241 a 4500001001300000003000900013005001700022008004100039020000900080082002000089100002300109245002900132260003900161300000900200500003500209505001000244650003300254700002300287902000800310942000700318952009900325999001300424nice12345678IN_TiNIC20260116011335.0050524s1905 newa grp 000 0 eng  ac1500a305.608097bTOW aTownsend, Meredith aAsia and Europeb Essays aNew YorkbG.P. Putnam`s Sonsc1905 a404p aincludes index and biblioraphy2 aIndex aIslam-Relations Christianity1 aTownsend, Meredith bSRS cBK 00104070aHMIbHMId2007-03-27g15.00l0o305.608097 TOWp00288r2007-03-27w2026-01-16yEB c656d656